000 00806cam a22002054a 4500
005 20250605164136.0
008 250528s ||||||||||||||||||||||||d
035 _a18796
040 _aGR-AtMCL
_bgre
_dGR-AtMCL
_eAACR2
245 1 _aThe Soviet Union and European Security
250 _a1st
260 _bProgress Publishers,
_c1973
300 _a146
520 _aPreface, The Fight for European Security, Dangerous Confrontation, A Constructive Programme for Solving Outstanding Problems, An Important Factor for Improving the Political Climate in Europe, Growing Support for a Peace Initiative, Who is Against Peace in Europe?, Peace and Cooperation for the Peoples of Europe.
700 1 _aNalin Y
_95053
700 1 _aNikolayev A
_95054
942 _cBK
999 _c4109
_d4109